Statistics for Hellas Verona Best Scorer By Year

Click here to take the quiz!

General Stats

  • This quiz has been taken 53 times
    (16 since last reset)
  • The average score is 5 of 27

Answer Stats

Player% Correct
Luca Toni
88%
Giovanni Simeone
56%
Giampaolo Pazzini
50%
Preben Elkjær Larsen
38%
Adrian Mutu
31%
Giuseppe Galderisi
31%
Fabrizio Cammarata
19%
Gianfranco Zigoni
19%
Moise Kean
19%
Antonín Barák
13%
Egidio Calloni
13%
Emiliano Bonazzoli
13%
Filippo Maniero
13%
Samuel Di Carmine
13%
Simone Verdi
13%
Angelo Orazi
6%
Davide Pellegrini
6%
Domenico Penzo
6%
Emanuele Del Vecchio
6%
Emiliano Mascetti
6%
Giorgio Mariani
6%
Giovanni Bui
6%
Livio Luppi
6%
Marco Pacione
6%
Maurizio Iorio
6%
Robert Prytz
6%
Sergio Clerici
6%

Score Distribution

Percentile by Number Answered

Percent of People with Each Score

Your Score History

You have not taken this quiz since the last reset